| 000 | 00664nam a2200193 i 4500 | ||
|---|---|---|---|
| 001 | 97341 | ||
| 003 | ES-MaACL | ||
| 005 | 20250824203954.0 | ||
| 007 | t| | ||
| 008 | 050711s1936 sp ||||1| spa d | ||
| 100 | 1 |
_aMarañón, Gregorio, _d1887-1960 _976311 |
|
| 245 | 1 | 3 |
_aEl problema de la clorosis _b: (¿ha desaparecido o no ha existido jamás?) / _cpor el Dr. D. Gregorio Marañón. |
| 260 |
_aMadrid : _bMarsiega, _c1936. |
||
| 300 |
_a60 p. ; _c24 cm. |
||
| 490 | 1 | _aInstituto del Libro Español. Conferencias, 2 | |
| 830 | 0 | 0 |
_aInstituto del Libro Español. _pConferencias _9231692 |
| 852 |
_aES-MaACL _j1811-F-4 |
||
| 999 |
_c97341 _d97341 |
||